<?xml version="1.0" encoding="UTF-8"?>
<record
    xmlns:xsi="http://www.w3.org/2001/XMLSchema-instance"
    xsi:schemaLocation="http://www.loc.gov/MARC21/slim http://www.loc.gov/standards/marcxml/schema/MARC21slim.xsd"
    xmlns="http://www.loc.gov/MARC21/slim">

  <leader>01071nam a22002657a 4500</leader>
  <datafield tag="010" ind1=" " ind2=" ">
    <subfield code="a">420394</subfield>
  </datafield>
  <datafield tag="020" ind1=" " ind2=" ">
    <subfield code="c">140.00</subfield>
  </datafield>
  <datafield tag="035" ind1=" " ind2=" ">
    <subfield code="a">420394</subfield>
  </datafield>
  <datafield tag="037" ind1=" " ind2=" ">
    <subfield code="a">Cen Lib / Ret</subfield>
  </datafield>
  <datafield tag="040" ind1=" " ind2=" ">
    <subfield code="a">DPL</subfield>
    <subfield code="b">HN</subfield>
  </datafield>
  <datafield tag="082" ind1=" " ind2=" ">
    <subfield code="a">220.21</subfield>
    <subfield code="b">&#x938;&#x93E;&#x92F;&#x923;&#x93E;</subfield>
  </datafield>
  <datafield tag="100" ind1=" " ind2=" ">
    <subfield code="a">&#x938;&#x93E;&#x92F;&#x923;&#x93E;&#x91A;&#x93E;&#x930;&#x94D;&#x92F;</subfield>
  </datafield>
  <datafield tag="245" ind1=" " ind2=" ">
    <subfield code="a">&#x90B;&#x917;&#x935;&#x947;&#x926;-&#x938;&#x902;&#x939;&#x93F;&#x924;&#x93E; /</subfield>
    <subfield code="b">&#x938;&#x93E;&#x92F;&#x923;&#x93E;&#x91A;&#x93E;&#x930;&#x94D;&#x92F; ; &#x938;&#x92E;&#x94D;&#x92A;&#x93E;&#x926;&#x915; &#x92E;&#x928;&#x94D;&#x92E;&#x94B;&#x915;&#x94D;&#x937;&#x92E;&#x942;&#x932;&#x915;&#x92D;&#x91F;&#x94D;&#x91F; </subfield>
  </datafield>
  <datafield tag="246" ind1=" " ind2=" ">
    <subfield code="a">Rigved sanhita /</subfield>
    <subfield code="b">by Saynacharya ; edited by Mannokshmulakbhatt</subfield>
  </datafield>
  <datafield tag="260" ind1=" " ind2=" ">
    <subfield code="a">&#x935;&#x93E;&#x930;&#x93E;&#x923;&#x938;&#x940;</subfield>
    <subfield code="b">&#x91A;&#x94C;&#x916;&#x92E;&#x94D;&#x92C;&#x93E; &#x938;&#x902;&#x938;&#x94D;&#x915;&#x943;&#x924; &#x938;&#x940;&#x930;&#x940;&#x91C; &#x911;&#x92B;&#x93F;&#x938; </subfield>
    <subfield code="c">1966</subfield>
  </datafield>
  <datafield tag="270" ind1=" " ind2=" ">
    <subfield code="b">&#x935;&#x93E;&#x930;&#x93E;&#x923;&#x938;&#x940;</subfield>
  </datafield>
  <datafield tag="300" ind1=" " ind2=" ">
    <subfield code="a"> v 2. 728-1564 ; v 3. 1565-2472 ; v 5.3443-4402 ; </subfield>
    <subfield code="b">22cm.</subfield>
  </datafield>
  <datafield tag="490" ind1=" " ind2=" ">
    <subfield code="a">&#x91A;&#x94C;&#x916;&#x92E;&#x94D;&#x92C;&#x93E; &#x938;&#x902;&#x938;&#x94D;&#x915;&#x943;&#x924; &#x917;&#x94D;&#x930;&#x928;&#x94D;&#x925;&#x92E;&#x93E;&#x932;&#x93E;</subfield>
    <subfield code="v">94</subfield>
  </datafield>
  <datafield tag="650" ind1=" " ind2=" ">
    <subfield code="a">&#x90B;&#x917;&#x935;&#x947;&#x926;</subfield>
  </datafield>
  <datafield tag="650" ind1=" " ind2=" ">
    <subfield code="a">&#x935;&#x947;&#x926;</subfield>
  </datafield>
  <datafield tag="650" ind1=" " ind2=" ">
    <subfield code="a">Rigveda</subfield>
  </datafield>
  <datafield tag="650" ind1=" " ind2=" ">
    <subfield code="a">Veda</subfield>
  </datafield>
  <datafield tag="700" ind1=" " ind2=" ">
    <subfield code="a">&#x92E;&#x928;&#x94D;&#x92E;&#x94B;&#x915;&#x94D;&#x937;&#x92E;&#x942;&#x932;&#x915;&#x92D;&#x91F;&#x94D;&#x91F; </subfield>
  </datafield>
  <datafield tag="942" ind1=" " ind2=" ">
    <subfield code="2">ddc</subfield>
    <subfield code="c">HN</subfield>
    <subfield code="h">220.21</subfield>
    <subfield code="m">&#x938;&#x93E;&#x92F;&#x923;&#x93E;</subfield>
  </datafield>
  <datafield tag="999" ind1=" " ind2=" ">
    <subfield code="c">122234</subfield>
    <subfield code="d">122234</subfield>
  </datafield>
  <datafield tag="952" ind1=" " ind2=" ">
    <subfield code="0">0</subfield>
    <subfield code="1">0</subfield>
    <subfield code="4">0</subfield>
    <subfield code="7">1</subfield>
    <subfield code="8">REF</subfield>
    <subfield code="a">L</subfield>
    <subfield code="b">L</subfield>
    <subfield code="d">2016-03-09</subfield>
    <subfield code="e">Cen Lib/Ret</subfield>
    <subfield code="g">140.00</subfield>
    <subfield code="l">0</subfield>
    <subfield code="o">220.21 &#x938;&#x93E;&#x92F;&#x923;&#x93E;</subfield>
    <subfield code="p">420394</subfield>
    <subfield code="r">2016-03-09 00:00:00</subfield>
    <subfield code="t">1</subfield>
    <subfield code="v">140.00</subfield>
    <subfield code="w">2016-03-09</subfield>
    <subfield code="y">HN</subfield>
  </datafield>
  <datafield tag="952" ind1=" " ind2=" ">
    <subfield code="0">0</subfield>
    <subfield code="1">0</subfield>
    <subfield code="3">v.3</subfield>
    <subfield code="4">0</subfield>
    <subfield code="7">1</subfield>
    <subfield code="8">REF</subfield>
    <subfield code="a">L</subfield>
    <subfield code="b">L</subfield>
    <subfield code="d">2016-03-21</subfield>
    <subfield code="e">Cen Lib/Ret</subfield>
    <subfield code="g">0.00</subfield>
    <subfield code="l">0</subfield>
    <subfield code="o">220.21 &#x938;&#x93E;&#x92F;&#x923;&#x93E;</subfield>
    <subfield code="p">420396</subfield>
    <subfield code="r">2016-03-21 00:00:00</subfield>
    <subfield code="v">0.00</subfield>
    <subfield code="w">2016-03-21</subfield>
    <subfield code="y">HN</subfield>
  </datafield>
</record>
